00659nai a2200169Ia 4500003000900000008004100009022002200050022002300072040001600095245006800111260008600179310001200265362002600277521006900303650002900372856008800401IN-BaIIA211028c9999 xx s 000 0 eng d a1041-4347 (Print) a1558-2191 (Online) cIIA Library 0aIEEE Transactions on Knowledge and Data Engineeringh[eJournal] aNew York, USAbThe Institute of Electrical and Electronics Engineers, Inc. (IEEE) aMonthly a1(1); 1989 - Present  bSubscribed through National Knowledge Resource Consortium (NKRC) aComputing and Processing uhttps://ieeexplore.ieee.org/servlet/opac?punumber=69yClick Here to Access eJournal